Normal view
MARC view
Entry Personal Name
001 - CONTROL NUMBER
- control field: 248172
003 - CONTROL NUMBER IDENTIFIER
- control field: OSt
005 - DATE AND TIME OF LATEST TRANSACTION
- control field: 20251208092708.0
008 - FIXED-LENGTH DATA ELEMENTS
- fixed length control field: 251208|| aca||aabn | a|a d
040 ## - CATALOGING SOURCE
- Original cataloging agency: OSt
- Transcribing agency: OSt
100 ## - HEADING--PERSONAL NAME
- Personal name: Padmaja Ashok
670 ## - SOURCE DATA FOUND
- Source citation: Work cat.: (OSt)224553: Padmaja Ashok, Social history of England, 2022